000 00642nam a2200241Ia 4500
003 OSt
005 20221005093508.0
006 a|||||r|||| 00| 0
007 ta
008 221004b |||||||| |||| 00| 0 eng d
024 _a51741
037 _cTextual
040 _aCRL
_cCRL
_beng
041 _2eng
_aeng
082 _aR21, N0
100 _aSternberg Robert J Ed.
245 0 _aWisdom
_b Its nature, origins and development
260 _aNew York
_bCambridge University
_c1990
300 _a332p
_ccm.
650 _aPHILOSOPHY
942 _hR21, N0
_cTEXL
_2cc
999 _c1000473
_d1000473